LEADER 02600oas 2200913 a 450 001 9910249951603321 005 20251105213014.0 011 $a1447-2600 035 $a(DE-599)2268420-7 035 $a(OCoLC)50150601 035 $a(CONSER) 2002233118 035 $a(CKB)111014393766004 035 $a(EXLCZ)99111014393766004 100 $a20020711a20029999 oy a 101 0 $aeng 135 $aur||||||||||| 181 $ctxt$2rdacontent 182 $cc$2rdamedia 183 $acr$2rdacarrier 200 00$aInvertebrate systematics 210 $aCollingwood, Vic., Australia $cCSIRO Pub. in cooperation with Commonwealth Scientific and Industrial Research Organization and Australian Academy of Science$d2002- 215 $a1 online resource 300 $aRefereed/Peer-reviewed 311 08$a1445-5226 531 10$aInvertebr Syst 606 $aInvertebrates$xClassification$vPeriodicals 606 $aInvertebrates$xPhylogeny$vPeriodicals 606 $aInvertebrates$xclassification 606 $aInverte?bre?s$xClassification$vPe?riodiques 606 $aAnimaux$vClassification$vPe?riodiques 606 $aZoologie$zAustralie$vPe?riodiques 606 $aInvertebrates$xClassification$2fast$3(OCoLC)fst00978115 606 $aInvertebrates$xPhylogeny$2fast$3(OCoLC)fst00978134 606 $aOngewervelde dieren$2gtt 606 $aBiodiversiteit$2gtt 606 $aTaxonomie$2gtt 608 $aPeriodical. 608 $aPeriodicals.$2fast 615 0$aInvertebrates$xClassification 615 0$aInvertebrates$xPhylogeny 615 12$aInvertebrates$xclassification. 615 6$aInverte?bre?s$xClassification 615 6$aAnimaux 615 6$aZoologie 615 7$aInvertebrates$xClassification. 615 7$aInvertebrates$xPhylogeny. 615 17$aOngewervelde dieren. 615 17$aBiodiversiteit. 615 17$aTaxonomie. 676 $a592.0012 712 02$aCSIRO (Australia) 712 02$aAustralian Academy of Science 801 0$bGUA 801 1$bGUA 801 2$bDLC 801 2$bOCLCQ 801 2$bOCL 801 2$bGUA 801 2$bOCLCQ 801 2$bOCLCF 801 2$bOCLCO 801 2$bOCLCQ 801 2$bIUL 801 2$bSPIES 801 2$bVT2 801 2$bOCLCA 801 2$bOCLCQ 801 2$bNLM 801 2$bU3W 801 2$bOCLCL 801 2$bCCT 801 2$bUAB 801 2$bW2U 801 2$bLVT 801 2$bOCLCQ 906 $aJOURNAL 912 $a9910249951603321 996 $aInvertebrate systematics$92013585 997 $aUNINA